[Event "Offene Hessische Senioren Einzelmeisters"]
[Site "Bad Sooden- Allendorf"]
[Date "2013.04.25"]
[Round "6.19"]
[White "Barlo, Werner"]
[Black "Hunold, Rolf"]
[Result "1/2-1/2"]
[WhiteElo "1579"]
[BlackElo "1974"]
[PlyCount "91"]
[EventDate "2013.??.??"]
[WhiteTeam "SK Zehlendorf e.V."]
[BlackTeam "SV Letmathe 1933 e.V."]

1. d4 Nf6 2. Nf3 e6 3. c4 Bb4+ 4. Nbd2 d5 5. a3 Be7 6. e3 O-O 7. Bd3 Nbd7 8. c5
e5 9. dxe5 Nxc5 10. Qc2 Nxd3+ 11. Qxd3 Ne8 12. b4 a5 13. bxa5 Rxa5 14. O-O b6
15. Re1 c5 16. Bb2 Be6 17. a4 Nc7 18. Bc3 Ra6 19. Reb1 Qa8 20. Qc2 Bd7 21. a5
b5 22. e6 Bxe6 23. Be5 Rc8 24. Qb2 b4 25. Bxg7 Ne8 26. Bh6 Bf6 27. Ne5 Rxa5 28.
f4 Rxa1 29. Rxa1 Qb7 30. Ndf3 Bg7 31. Bxg7 Nxg7 32. Ng5 h6 33. Nxe6 Nxe6 34.
Ng4 d4 35. Nxh6+ Kf8 36. Qc2 b3 37. Qh7 Ke8 38. Qg8+ Nf8 39. Nf5 Rc6 40. Qh8
Rg6 41. Qe5+ Kd7 42. Qe7+ Kc6 43. Qxf8 Re6 44. exd4 c4 45. Qc5+ Kd7 46. d5
1/2-1/2

[Event "Offene Hessische Senioren Einzelmeisters"]
[Site "Bad Sooden- Allendorf"]
[Date "2013.04.25"]
[Round "6.20"]
[White "Romanow, Werner"]
[Black "Scheide, Helmut"]
[Result "1/2-1/2"]
[WhiteElo "1972"]
[BlackElo "1824"]
[Annotator ",Meiwald"]
[PlyCount "93"]
[EventDate "2013.??.??"]
[WhiteTeam "SV Merseburg"]
[BlackTeam "USV Potsdam e.V., Abt. Schach"]

1. c4 Nf6 2. Nf3 e6 3. g3 d5 4. Bg2 Nbd7 5. b3 c6 6. Bb2 Be7 7. O-O O-O 8. d3
b6 9. Nbd2 Bb7 10. cxd5 cxd5 11. Nd4 Rc8 12. Rc1 Rxc1 $11 13. Qxc1 Qb8 14. N2f3
Rc8 15. Qd2 a6 16. h3 Bd6 17. b4 b5 18. a3 Nf8 19. Nb3 N8d7 20. Na5 Rc7 21. Nd4
Qc8 22. Nxb7 Qxb7 23. Rc1 Qc8 24. Rxc7 Qxc7 25. Qc3 Qxc3 $11 26. Bxc3 Nb6 27.
Nc6 Nfd7 28. f4 Kf8 29. Kf2 f6 30. e3 Bc7 31. Bf3 Kf7 32. Bh5+ g6 33. Bd1 e5
34. fxe5 fxe5 35. Bg4 h5 36. Bd1 Ke6 37. Bc2 Kd6 38. Na5 Nc8 39. Nb3 Bb6 40. d4
e4 41. Nc5 Nb8 42. Bd1 Ne7 43. Be2 Nf5 44. Be1 Bd8 45. a4 bxa4 46. Nxa4 Bg5 47.
Bd2 1/2-1/2

[Event "Offene Hessische Senioren Einzelmeisters"]
[Site "Bad Sooden- Allendorf"]
[Date "2013.04.25"]
[Round "6.21"]
[White "Peleikis, Horst"]
[Black "Limberg, Siegfried"]
[Result "1/2-1/2"]
[WhiteElo "1879"]
[BlackElo "1970"]
[Annotator ",Microsoft"]
[PlyCount "77"]
[EventDate "2013.??.??"]
[WhiteTeam "SK Lister Turm"]
[BlackTeam "Sfr. Taunus Königstein/Schwalbac"]

1. e4 c6 2. Nf3 g6 3. d4 Bg7 4. Nc3 d5 5. Be2 Bg4 6. Be3 e6 7. h3 Bxf3 8. Bxf3
Qb6 9. Qd2 Nd7 10. O-O-O Ne7 11. g4 Qa5 12. Kb1 h6 13. Ne2 Qa6 14. Nc3 b5 15.
Ne2 Nb6 16. b3 Qb7 17. c3 a5 18. Nc1 Nd7 19. Nd3 Nc8 20. exd5 cxd5 21. Be2 Nd6
22. f3 Rc8 23. Rc1 a4 24. h4 Ra8 25. Nb4 Ke7 26. Bf4 h5 27. Qd3 Ra5 28. Bg5+
Bf6 29. gxh5 Rxh5 30. f4 Rh8 31. h5 gxh5 32. Bxh5 Ne4 33. Bf3 Rxh1 34. Bxf6+
Ndxf6 35. Bxh1 axb3 36. axb3 Nf2 37. Qe2 Nxh1 38. Rxh1 Qa8 39. Kb2 {restliche
Züge nicht lesbar} 1/2-1/2

[Event "Offene Hessische Senioren Einzelmeisters"]
[Site "Bad Sooden- Allendorf"]
[Date "2013.04.25"]
[Round "6.22"]
[White "Rüberg, Jobst"]
[Black "Bieberle, Gerhart"]
[Result "0-1"]
[WhiteElo "2068"]
[BlackElo "1733"]
[PlyCount "72"]
[EventDate "2013.??.??"]
[WhiteTeam "SV Ahlen 1954 e.V."]
[BlackTeam "Post-Telekom SV 1925 Aachen e.V."]

1. e4 e6 2. d4 d5 3. e5 c5 4. c3 Nc6 5. Nf3 Qb6 6. Be2 f5 7. exf6 Nxf6 8. O-O
Bd6 9. Bd3 O-O 10. Re1 Bd7 11. Ne5 Rae8 12. Bg5 Qxb2 13. Nd2 Bc8 14. Nxc6 bxc6
15. Nf3 c4 16. Bc2 Qxc3 17. Re3 Qa5 18. Ne5 Qc7 19. f4 c5 20. Bxf6 Rxf6 21.
Bxh7+ Kxh7 22. Qh5+ Rh6 23. Qxe8 cxd4 24. Rg3 Bxe5 25. fxe5 c3 26. Rc1 Ba6 27.
Qa4 Bc4 28. Qc2+ Kg8 29. Re1 Qb6 30. Kh1 Qc5 31. Qc1 Rh5 32. Qf4 c2 33. Rc1 d3
34. h3 Qb6 35. Qd2 Rf5 36. Kh2 Rf2 0-1

[Event "Offene Hessische Senioren Einzelmeisters"]
[Site "Bad Sooden- Allendorf"]
[Date "2013.04.25"]
[Round "6.23"]
[White "Just, Fred"]
[Black "Görtz, Hans"]
[Result "1-0"]
[WhiteElo "2044"]
[BlackElo "1813"]
[PlyCount "119"]
[EventDate "2013.??.??"]
[WhiteTeam "SAbt SV Werder Bremen"]
[BlackTeam "DJK Wacker Bergeborbeck 1922"]

1. d4 d6 2. c4 g6 3. Nc3 Bg7 4. Nf3 f5 5. e4 fxe4 6. Nxe4 Nf6 7. Bd3 O-O 8. O-O
Nbd7 9. Neg5 Nb8 10. d5 Ng4 11. h3 Ne5 12. Nd4 Nxd3 13. Qxd3 Bf5 14. Nxf5 Rxf5
15. Ne6 Qd7 16. g4 Rf7 17. Ng5 Rf6 18. Bd2 Na6 19. Bc3 Nc5 20. Qe2 Re8 21. Rae1
Rf4 22. Bxg7 Kxg7 23. b4 h6 24. Nf3 Na6 25. Qe3 Rf6 26. g5 hxg5 27. Qxg5 Rxf3
28. Re6 Rf6 29. Rfe1 c5 30. R1e4 cxb4 31. Rh4 Rh8 32. Ree4 Qf5 33. Rxe7+ Rf7
34. Qxf5 gxf5 35. Rxf7+ Kxf7 36. Rxh8 Nc5 37. h4 a5 38. Ra8 a4 39. Ra5 Kf6 40.
Rb5 b3 41. axb3 axb3 42. Kf1 Ke5 43. h5 Kf6 44. Rb6 Kg5 45. h6 Kxh6 46. Rxd6+
Kg5 47. Rb6 Ne4 48. Rxb7 Nd2+ 49. Kg2 Nxc4 50. Rxb3 Kf6 51. Rc3 Nd6 52. f4 Nb5
53. Rc6+ Kf7 54. Kf2 Nd4 55. Rb6 Nc2 56. Re6 Nb4 57. Re5 Kf6 58. Ke3 Nc2+ 59.
Kd3 Ne1+ 60. Rxe1 1-0

[Event "Offene Hessische Senioren Einzelmeisters"]
[Site "Bad Sooden- Allendorf"]
[Date "2013.04.25"]
[Round "6.24"]
[White "Schnaitmann, Herbert"]
[Black "Holscher, Peter"]
[Result "0-1"]
[WhiteElo "1818"]
[BlackElo "2005"]
[Annotator ",Microsoft"]
[PlyCount "116"]
[EventDate "2013.??.??"]
[WhiteTeam "SC Grunbach"]
[BlackTeam "Caissa Hoorn"]

1. d4 f5 2. Nf3 Nf6 3. g3 g6 4. Bg2 Bg7 5. O-O O-O 6. c3 c6 7. Ne5 d5 8. Nd2
Nbd7 9. Nd3 Qe8 10. Nf3 Ne4 11. Bf4 Ndf6 12. Qc1 Bd7 13. Bh6 b6 14. Bxg7 $11
Kxg7 15. Nfe5 Rc8 16. b4 Rc7 17. a4 Qc8 18. Qb2 Be6 19. Rfc1 Nd6 20. Qd2 h6 21.
a5 Nb5 22. Nf4 Bf7 23. Nfd3 Ne4 24. Qb2 Ned6 25. Ra4 Nc4 26. Nxc4 dxc4 27. Ne5
Bd5 28. Qc2 Bxg2 29. Kxg2 Qe6 30. axb6 axb6 31. Ra6 Rb7 32. Qa2 Nd6 33. f3 Qd5
34. Ra7 Rfb8 35. Qa4 Rxa7 36. Qxa7 Rb7 37. Qa8 Qe6 38. Kf2 c5 39. bxc5 bxc5 40.
Nc6 Rb2 41. Ne5 Nb5 42. Qa1 Rb3 43. e3 g5 44. Rc2 f4 45. gxf4 Qf5 46. Qc1 Na3
47. Rb2 Nb1 48. e4 Qxf4 49. Rxb1 Qxh2+ 50. Ke3 cxd4+ 51. Kxd4 Qa2 52. Ra1 Qf2+
53. Kxc4 Rb7 54. Ra4 Qe2+ 55. Kd4 Rb6 56. Nc4 Rf6 57. Qd2 Rd6+ 58. Nxd6 Qxd2+
0-1

[Event "Offene Hessische Senioren Einzelmeisters"]
[Site "Bad Sooden- Allendorf"]
[Date "2013.04.25"]
[Round "6.25"]
[White "Haselhorst, Helmut"]
[Black "Noordijk, Ed"]
[Result "1-0"]
[WhiteElo "2003"]
[BlackElo "1782"]
[PlyCount "67"]
[EventDate "2013.??.??"]
[WhiteTeam "SK Ostbevern/Westbevern"]
[BlackTeam "S.C. Oegstgeest '80"]

1. d4 Nf6 2. Nf3 d6 3. g3 Nbd7 4. Bg2 c6 5. O-O Qc7 6. c4 g6 7. Nc3 Bg7 8. b3
O-O 9. Bb2 Re8 10. Qc2 Rb8 11. Rad1 d5 12. cxd5 cxd5 13. Rc1 b5 14. Nxd5 Qxc2
15. Nxf6+ Nxf6 16. Rxc2 Bf5 17. Rc7 a6 18. Ne5 Rbc8 19. Rfc1 Be6 20. e4 Rxc7
21. Rxc7 Rc8 22. Rxc8+ Bxc8 23. Nc6 Bf8 24. d5 Ne8 25. Kf1 e6 26. dxe6 Bxe6 27.
Ke2 Bc5 28. f4 b4 29. Bd4 Bxd4 30. Nxd4 Bd7 31. Kd3 Nd6 32. e5 Bf5+ 33. Nxf5
Nxf5 34. Be4 1-0

[Event "Offene Hessische Senioren Einzelmeisters"]
[Site "Bad Sooden- Allendorf"]
[Date "2013.04.25"]
[Round "6.26"]
[White "Rürup, Hans-Heinz"]
[Black "Oud, Niek"]
[Result "1/2-1/2"]
[WhiteElo "1825"]
[BlackElo "1992"]
[PlyCount "64"]
[EventDate "2013.??.??"]
[WhiteTeam "SV Bad Oeynhausen"]
[BlackTeam "VAS"]

1. e4 c5 2. Nc3 Nc6 3. Bb5 d6 4. Bxc6+ bxc6 5. d3 Nf6 6. f4 e6 7. Nf3 Nd7 8.
O-O Be7 9. Qe1 O-O 10. Kh1 Re8 11. e5 d5 12. Bd2 Nf8 13. Qf2 Qc7 14. Na4 d4 15.
b3 Ba6 16. Nb2 Ng6 17. Rac1 Qd7 18. h4 Qd8 19. g3 h5 20. Ng5 f6 21. exf6 Bxf6
22. Ne4 Qd5 23. Qf3 Rf8 24. Kh2 Rae8 25. Qe2 Be7 26. Be1 Qf5 27. Nd1 Bc8 28.
Qg2 Bd7 29. Nef2 e5 30. Nh3 exf4 31. Nxf4 Ne5 32. Kh1 Qg4 1/2-1/2

[Event "Offene Hessische Senioren Einzelmeisters"]
[Site "Bad Sooden- Allendorf"]
[Date "2013.04.25"]
[Round "6.27"]
[White "Fritsch, Dr. Jürgen"]
[Black "Gerhardt, Peter-Michael"]
[Result "1/2-1/2"]
[WhiteElo "1779"]
[BlackElo "1975"]
[Annotator ",Microsoft"]
[PlyCount "89"]
[EventDate "2013.??.??"]
[WhiteTeam "SK Lister Turm"]
[BlackTeam "SC Vahr"]

1. e4 g6 2. Bc4 Bg7 3. Nf3 d6 4. O-O Nf6 5. d3 O-O 6. c3 Nc6 7. Bf4 Na5 8. Bb5
a6 9. Ba4 b5 10. Bc2 c5 11. Nbd2 Nc6 12. Nb3 a5 13. Qd2 a4 14. Nc1 b4 15. Ne2
a3 16. Bb3 axb2 17. Qxb2 bxc3 18. Nxc3 Ba6 19. Rfd1 Qa5 20. Rac1 Nb4 21. Qb1
Nh5 22. Bg5 Nc6 23. Nd5 Ra7 24. g4 Nf6 25. Nxf6+ Bxf6 26. Bxf6 exf6 27. h3 Ne5
28. Ne1 Bc8 29. f4 Nc6 30. Nf3 Be6 31. Qb2 Qa3 32. Qxf6 Bxb3 33. axb3 Qxb3 34.
Qxd6 Qb2 35. Qxc5 Ra6 $11 36. Qc3 Qe2 37. d4 $11 Ra2 38. Rd2 Rxd2 39. Nxd2 Rc8
40. Qb2 Qe3+ 41. Kg2 Rb8 42. Qc3 Qxf4 43. Rf1 Qd6 44. d5 Ne5 45. Nf3 1/2-1/2

[Event "Offene Hessische Senioren Einzelmeisters"]
[Site "Bad Sooden- Allendorf"]
[Date "2013.04.25"]
[Round "6.28"]
[White "Schneider, Alexander"]
[Black "Blosze, Winfried"]
[Result "1/2-1/2"]
[WhiteElo "1974"]
[BlackElo "1759"]
[PlyCount "85"]
[EventDate "2013.??.??"]
[WhiteTeam "Wilhelmshavener SC von 1887 e. V"]
[BlackTeam "SV Königsspringer 1929 Großauhei"]

1. d4 Nf6 2. c4 g6 3. Nc3 d5 4. cxd5 Nxd5 5. e4 Nxc3 6. bxc3 Bg7 7. Bc4 O-O 8.
Ne2 c5 9. O-O Nc6 10. Be3 Na5 11. Bb5 a6 12. Bd3 cxd4 13. Bxd4 Nc6 14. Bxg7
Kxg7 15. f4 Bg4 16. h3 Bxe2 17. Qxe2 Qc7 18. Rac1 Rac8 19. h4 Qd6 20. g3 Rfd8
21. Rfd1 Qa3 22. Rc2 Na5 23. Qe1 Qc5+ 24. Kg2 Nc4 25. Bxc4 Qxc4 26. Kf3 Rd3+
27. Kg2 Rxd1 28. Qxd1 Qxe4+ 29. Kf2 Qc6 30. Qd4+ f6 31. c4 Qc5 32. Ke3 Rc6 33.
Qxc5 Rxc5 34. Kd4 Rc7 35. Rb2 Kf7 36. c5 Ke6 37. g4 h5 38. Re2+ Kf7 39. gxh5
gxh5 40. f5 Rd7+ 41. Kc4 Rc7 42. Kd5 Rd7+ 43. Kc4 1/2-1/2

[Event "Offene Hessische Senioren Einzelmeisters"]
[Site "Bad Sooden- Allendorf"]
[Date "2013.04.25"]
[Round "6.29"]
[White "Rychlik, Kurt"]
[Black "Jauch, Dieter"]
[Result "1/2-1/2"]
[WhiteElo "1970"]
[BlackElo "1756"]
[PlyCount "78"]
[EventDate "2013.??.??"]
[WhiteTeam "SV Berenbostel"]
[BlackTeam "SK Bietigheim-Bissingen"]

1. e4 c5 2. Nc3 Nc6 3. f4 e6 4. Nf3 d5 5. e5 Nge7 6. Bb5 Bd7 7. Qe2 a6 8. Bxc6
Nxc6 9. d3 Be7 10. O-O O-O 11. Bd2 Rc8 12. Kh1 Nd4 13. Qd1 Nxf3 14. Qxf3 Kh8
15. Ne2 f5 16. c3 Qe8 17. d4 Bb5 18. Rfc1 Bxe2 19. Qxe2 cxd4 20. cxd4 Qd7 21.
g4 Rxc1+ 22. Rxc1 g6 23. g5 Rc8 24. Qd1 Rxc1 25. Qxc1 Qb5 26. Kg1 Qe2 27. Qc3
Kg7 28. Be1 b5 29. a3 Kf7 30. Bf2 Qd1+ 31. Kg2 Qe2 32. h3 Qe4+ 33. Kg3 Qe2 34.
Be3 Qc4 35. Bd2 Qxc3+ 36. Bxc3 Ke8 37. Kf3 Kd7 38. Ke2 Kc6 39. Kd3 Kb6 1/2-1/2

[Event "Offene Hessische Senioren Einzelmeisters"]
[Site "Bad Sooden- Allendorf"]
[Date "2013.04.25"]
[Round "6.30"]
[White "Heinzel, Peter"]
[Black "Liszka, Günter"]
[Result "1-0"]
[WhiteElo "1970"]
[BlackElo "1754"]
[PlyCount "125"]
[EventDate "2013.??.??"]
[WhiteTeam "SC Mülheim 08/25 e.V."]
[BlackTeam "Sportfreunde Katernberg 1913 e.V"]

1. b4 e5 2. Bb2 Nf6 3. Bxe5 Bxb4 4. Nf3 Nc6 5. Bb2 d5 6. e3 Bd7 7. Be2 O-O 8.
O-O Re8 9. d3 h6 10. Nbd2 Qe7 11. Rb1 b6 12. c4 dxc4 13. Nxc4 Nd5 14. Nce5 Nxe5
15. Nxe5 Bd6 16. Nxd7 Qxd7 17. Bf3 Be5 18. d4 Bf6 19. e4 Nf4 20. e5 Be7 21.
Bxa8 Rxa8 22. Qf3 Nd5 23. Rfd1 Rd8 24. h3 Bg5 25. Kh2 Bf4+ 26. g3 Bg5 27. a3
Qe6 28. Qg4 Qe8 29. h4 Be7 30. Rd3 Qb5 31. Qd1 Qd7 32. Qd2 Qf5 33. Qe2 Qg6 34.
Qf3 Rd7 35. Re1 Rd8 36. Bc1 Rd7 37. Re4 Qc6 38. Bd2 Rd8 39. h5 Qe6 40. Rg4 Rd7
41. Bc1 Rd8 42. Qe4 Rd7 43. Rf3 Rd8 44. Rd3 Rd7 45. Qf3 Rd8 46. Re4 Rd7 47. g4
Rd8 48. Qg2 Rd7 49. f4 f5 50. exf6 Qxf6 51. g5 hxg5 52. fxg5 Bd6+ 53. Kh1 Qf5
54. Rf3 Qxe4 55. Rf8+ Bxf8 56. Qxe4 Rd6 57. Bf4 Nxf4 58. Qxf4 a5 59. g6 Rd7 60.
a4 Bd6 61. Qe4 Rd8 62. h6 gxh6 63. Qe6+ 1-0

[Event "Offene Hessische Senioren Einzelmeisters"]
[Site "Bad Sooden- Allendorf"]
[Date "2013.04.25"]
[Round "6.31"]
[White "Hellwege, Werner"]
[Black "Petzold, Dr. Hans"]
[Result "1/2-1/2"]
[WhiteElo "1811"]
[BlackElo "1964"]
[PlyCount "61"]
[EventDate "2013.??.??"]
[WhiteTeam "SK Lister Turm"]
[BlackTeam "USV TU Dresden"]

1. d4 Nf6 2. Nf3 e6 3. g3 b6 4. Bg2 Bb7 5. O-O Be7 6. c4 d6 7. Nc3 Nbd7 8. Qd3
e5 9. e4 O-O 10. Qe2 Re8 11. d5 c6 12. dxc6 Bxc6 13. Rd1 Qc7 14. b3 Nc5 15. Nh4
Qb7 16. Nd5 Nxd5 17. cxd5 Bd7 18. Nf3 f5 19. exf5 Bxf5 20. Bg5 Rf8 21. Bxe7
Qxe7 22. Nh4 Bd7 23. Rac1 a5 24. Nf3 Rf7 25. Rd2 Raf8 26. Qe3 h6 27. a3 Qf6 28.
b4 Na4 29. Rc7 Bg4 30. Rxf7 Rxf7 31. Ne1 1/2-1/2

[Event "Offene Hessische Senioren Einzelmeisters"]
[Site "Bad Sooden- Allendorf"]
[Date "2013.04.25"]
[Round "6.32"]
[White "Fleischer, Martin"]
[Black "Krebs, Dietmar"]
[Result "1/2-1/2"]
[WhiteElo "1746"]
[BlackElo "1960"]
[PlyCount "73"]
[EventDate "2013.??.??"]
[WhiteTeam "SV Einheit Schwerin"]
[BlackTeam "Kölner SK Dr. Lasker 186"]

1. e4 c5 2. Nf3 d6 3. Nc3 Nf6 4. d4 cxd4 5. Nxd4 a6 6. Bd3 e5 7. Nde2 Be7 8.
Ng3 Be6 9. O-O Nbd7 10. Qe2 O-O 11. Kh1 b5 12. a4 b4 13. Nd1 Nc5 14. b3 Nxd3
15. Qxd3 d5 16. exd5 Nxd5 17. Bb2 f6 18. Ne2 Qc7 19. Ne3 Nxe3 20. fxe3 Rfd8 21.
Qe4 Bd5 22. Qg4 Qxc2 23. Rab1 Qe4 24. Qg3 Rac8 25. Rbc1 Bxb3 26. Rxc8 Rxc8 27.
Qh3 Rd8 28. Ng3 Qxe3 29. Bc1 Qd3 30. Qg4 Qc4 31. Qf3 Bxa4 32. Nf5 Bf8 33. Ne3
Qc6 34. Qg4 Rd4 35. Qg3 Bb5 36. Nf5 Bxf1 37. Nh6+ 1/2-1/2

[Event "Offene Hessische Senioren Einzelmeisters"]
[Site "Bad Sooden- Allendorf"]
[Date "2013.04.25"]
[Round "6.33"]
[White "Biller, Dr. Helmut"]
[Black "Rehder, Frank"]
[Result "1-0"]
[WhiteElo "1959"]
[BlackElo "1747"]
[PlyCount "67"]
[EventDate "2013.??.??"]
[WhiteTeam "Sfr. Frankfurt 1921"]
[BlackTeam "SC Zugzwang 95 e.V."]

1. d4 Nf6 2. c4 g6 3. Nc3 d6 4. Nf3 Bg7 5. g3 O-O 6. Bg2 Nbd7 7. O-O c6 8. e4
a5 9. h3 e5 10. Be3 Re8 11. d5 c5 12. Nd2 h6 13. Nb5 Nf8 14. Rb1 N6h7 15. b3 g5
16. a3 f5 17. exf5 Bxf5 18. Ne4 Ra6 19. b4 cxb4 20. axb4 Bxe4 21. Bxe4 Qc8 22.
c5 dxc5 23. bxc5 Qxh3 24. Nc7 Nf6 25. Bg2 Qd7 26. Nxa6 bxa6 27. d6 e4 28. Qb3+
Ne6 29. Qb7 Qxb7 30. Rxb7 Nd8 31. Ra7 Nd5 32. Rxa6 Bc3 33. c6 Nb4 34. c7 1-0

[Event "Offene Hessische Senioren Einzelmeisters"]
[Site "Bad Sooden- Allendorf"]
[Date "2013.04.25"]
[Round "6.34"]
[White "Micheel, Peter"]
[Black "Reinhold, Dr. Klaus"]
[Result "1/2-1/2"]
[WhiteElo "1751"]
[BlackElo "1957"]
[Annotator ",Microsoft"]
[PlyCount "85"]
[EventDate "2013.??.??"]
[WhiteTeam "SSC Graal-Müritz"]
[BlackTeam "SC Gronau 1920 e.V."]

1. e4 e5 2. Nf3 Nc6 3. Bb5 a6 4. Bxc6 dxc6 5. O-O Bg4 6. h3 h5 7. d3 Qf6 8.
Nbd2 Ne7 9. Re1 Ng6 10. d4 Nf4 11. hxg4 hxg4 12. g3 gxf3 13. Qxf3 Ne6 14. Qxf6
$11 gxf6 15. dxe5 fxe5 16. Nf3 f6 17. Be3 O-O-O 18. Rad1 Rxd1 19. Rxd1 Bc5 20.
Bc1 Rg8 21. Kf1 Rg4 22. Re1 Bb6 23. Nh2 Rg8 24. Be3 Nd4 25. Rc1 Rh8 26. Kg2 Ne2
27. Re1 Bxe3 28. fxe3 Nxg3 29. Kxg3 Kd7 30. Rf1 Ke7 31. Ng4 Rg8 32. Rh1 Rg7 33.
Rh6 c5 34. Kh4 Rf7 35. Rh5 Ke6 36. Rh6 c4 37. c3 b5 38. Rh8 a5 39. Rb8 c6 40.
Rb6 Kd6 41. Ra6 a4 42. Nh6 Rd7 43. Ng4 1/2-1/2

[Event "Offene Hessische Senioren Einzelmeisters"]
[Site "Bad Sooden- Allendorf"]
[Date "2013.04.25"]
[Round "6.35"]
[White "Essegern, Dr. Kurt"]
[Black "Hentzschel, Erhard"]
[Result "1-0"]
[WhiteElo "1952"]
[BlackElo "1723"]
[PlyCount "37"]
[EventDate "2013.??.??"]
[WhiteTeam "Randspringer Bad Salzungen"]
[BlackTeam "Peiner SV"]

1. e4 e5 2. Nf3 d6 3. d4 exd4 4. Nxd4 Be7 5. Nc3 Nf6 6. Bf4 O-O 7. Qd2 Nbd7 8.
O-O-O Nc5 9. f3 Ne6 10. Be3 a6 11. Nf5 Re8 12. g4 Kh8 13. Nxe7 Qxe7 14. g5 Ng8
15. Nd5 Qd8 16. h4 Ne7 17. h5 Nxd5 18. exd5 Nf8 19. h6 1-0

[Event "Offene Hessische Senioren Einzelmeisters"]
[Site "Bad Sooden- Allendorf"]
[Date "2013.04.25"]
[Round "6.36"]
[White "Ditmas, Hugh"]
[Black "Mayeres, Hans-Christian"]
[Result "1/2-1/2"]
[WhiteElo "1902"]
[BlackElo "1690"]
[PlyCount "64"]
[EventDate "2013.??.??"]
[WhiteTeam "Bremer SG von 1877"]
[BlackTeam "SK Recklinghausen Altsta"]

1. d4 Nf6 2. c4 g6 3. Nc3 Bg7 4. e4 d6 5. Be2 O-O 6. Nf3 e5 7. O-O Nc6 8. d5
Ne7 9. Ne1 Ne8 10. f3 f5 11. g4 Nf6 12. Nd3 Bd7 13. Bd2 Qc8 14. gxf5 gxf5 15.
Kh1 Kh8 16. c5 Rg8 17. cxd6 cxd6 18. Rg1 Qe8 19. Qb3 Ng6 20. Qa3 Bf8 21. Rac1
Qf7 22. Qb3 Be7 23. Be3 b6 24. a4 Nh4 25. Rcf1 Rxg1+ 26. Rxg1 Rg8 27. Qd1 fxe4
28. fxe4 Bh3 29. Rg3 Bg2+ 30. Kg1 Nxe4 31. Nxe4 Bxe4 32. Nb4 Nf5 1/2-1/2

[Event "Offene Hessische Senioren Einzelmeisters"]
[Site "Bad Sooden- Allendorf"]
[Date "2013.04.25"]
[Round "6.37"]
[White "Piastowski, Kurt"]
[Black "Niebuhr, Gerd"]
[Result "0-1"]
[WhiteElo "1709"]
[BlackElo "1902"]
[PlyCount "58"]
[EventDate "2013.??.??"]
[WhiteTeam "SC Turm Lüneburg e.V."]
[BlackTeam "Freibauer Wedemark"]

1. d4 Nf6 2. Nf3 g6 3. e3 Bg7 4. Bd3 d5 5. b3 O-O 6. Nbd2 c5 7. O-O Nc6 8. a3
Ne4 9. Bb2 f5 10. Rb1 a6 11. Ne5 Nxe5 12. dxe5 Qc7 13. f4 e6 14. c4 Rd8 15.
Bxe4 fxe4 16. Qe2 b6 17. h4 Bb7 18. g4 Qe7 19. g5 Qf7 20. Rbd1 Qf5 21. Qf2 Rd7
22. Rfe1 Rad8 23. Kh2 d4 24. Nf1 Bxe5 25. Ng3 Qf7 26. Nxe4 Bxe4 27. exd4 Qxf4+
28. Qxf4 Bxf4+ 29. Kg1 Bf5 0-1

[Event "Offene Hessische Senioren Einzelmeisters"]
[Site "Bad Sooden- Allendorf"]
[Date "2013.04.25"]
[Round "6.39"]
[White "Klüver, Horst"]
[Black "Bachmann, Rolf"]
[Result "0-1"]
[WhiteElo "1644"]
[BlackElo "1881"]
[Annotator ",Microsoft"]
[PlyCount "120"]
[EventDate "2013.??.??"]
[WhiteTeam "SV Merkur Hademarschen"]
[BlackTeam "SVigung Hamm"]

1. e4 c5 2. Nf3 Nc6 3. d4 cxd4 4. Nxd4 d6 5. c3 Nf6 6. Bd3 g6 7. h3 Bg7 8. Be3
O-O 9. Nf3 Qc7 10. Bf4 a6 11. Nbd2 b5 12. Rc1 Bb7 13. O-O Rac8 14. Re1 Nd7 15.
Qe2 Nde5 16. Bb1 Qb8 17. Nb3 Nxf3+ 18. Qxf3 b4 19. Nc5 Rfd8 20. Nxb7 Qxb7 21.
e5 bxc3 22. bxc3 dxe5 23. Bxe5 Bxe5 24. Rxe5 Qb2 25. Ree1 Rd2 26. Rcd1 Rcd8 27.
Rxd2 Qxd2 28. Rf1 Rd6 29. Qe3 Kg7 30. Be4 Qxe3 31. fxe3 f5 32. Bf3 $11 Ne5 33.
Be2 Rd2 34. Bxa6 Rxa2 35. Bb5 Rc2 36. c4 Nxc4 37. Re1 Nd6 38. Ba4 Rd2 39. Bc6
e5 40. Bf3 e4 41. Rd1 Nc4 42. Rxd2 Nxd2 43. Be2 Kf6 44. Kf2 Ke5 45. Ke1 Nb1 46.
g3 g5 47. Bh5 Nc3 48. Kd2 Nd5 49. Bf7 h6 50. Ke2 f4 51. exf4+ gxf4 52. Bxd5 f3+
53. Ke3 Kxd5 54. g4 Ke5 55. h4 Kf6 56. Kf2 Ke6 57. Ke3 Ke5 58. Kf2 Kf4 59. g5
hxg5 60. h5 Kf5 0-1

[Event "Offene Hessische Senioren Einzelmeisters"]
[Site "Bad Sooden- Allendorf"]
[Date "2013.04.25"]
[Round "6.40"]
[White "Kienel, Norbert"]
[Black "Grabitz, Dr. Georg"]
[Result "0-1"]
[WhiteElo "1611"]
[BlackElo "1852"]
[Annotator ",Microsoft"]
[PlyCount "50"]
[EventDate "2013.??.??"]
[WhiteTeam "SV Osnabrück"]
[BlackTeam "Plesse Bovenden"]

1. d4 Nf6 2. c4 g6 3. Nc3 Bg7 4. e4 d6 5. Nf3 O-O 6. h3 e5 7. Be3 exd4 8. Nxd4
Re8 9. Bd3 Nc6 10. Nxc6 bxc6 11. O-O c5 12. Re1 Rb8 13. Rb1 Nd7 14. Bf4 $11 Ne5
15. Bxe5 Bxe5 16. Qc2 Qg5 17. Qc1 Bf4 18. Qc2 Bxh3 19. Bf1 Be6 20. Nd5 Bxd5 21.
exd5 Be5 22. g3 Bd4 23. b3 Qxg3+ 24. Bg2 Re5 25. Qd2 Rg5 0-1

[Event "Offene Hessische Senioren Einzelmeisters"]
[Site "Bad Sooden- Allendorf"]
[Date "2013.04.25"]
[Round "6.41"]
[White "Van Dongen, Rob"]
[Black "Meinke, Dietlind"]
[Result "1-0"]
[WhiteElo "1839"]
[BlackElo "1711"]
[Annotator ",Microsoft"]
[PlyCount "117"]
[EventDate "2013.??.??"]
[WhiteTeam "VAS Amsterdam"]
[BlackTeam "MTV Leck von 1889"]

1. d4 Nf6 2. c4 e6 3. Nc3 d5 4. Bg5 Be7 5. e3 O-O 6. cxd5 exd5 7. Bd3 h6 8.
Bxf6 Bxf6 9. Nf3 c5 10. dxc5 Bxc3+ 11. bxc3 Qa5 12. Qd2 Qxc5 13. Rb1 Qc7 14.
O-O Nd7 15. Rfc1 Nb6 16. Bc2 Be6 17. Qd3 g6 18. Nd4 Rfe8 19. a4 Qd7 20. Nxe6
Rxe6 21. Rd1 Nxa4 22. Bxa4 Qxa4 23. Rxb7 Rc8 24. Qd4 Qxd4 25. cxd4 Ra8 26. Rdb1
Rb6 $11 27. R1xb6 axb6 28. g3 Rd8 29. Rxb6 Kg7 30. Kg2 g5 31. Kf3 f6 32. h4
gxh4 33. gxh4 Kg6 34. Kf4 h5 35. f3 Rd7 36. Rb8 Rd6 37. Rg8+ Kf7 38. Rg1 Ke6
39. Rg6 Rd8 40. Rh6 Rg8 41. Rxh5 Rg2 42. Rh8 Rh2 43. h5 Rh4+ 44. Kg3 Rh1 45. h6
Kf5 46. h7 Kg6 47. Rd8 Kxh7 48. Rxd5 Kg6 49. e4 Rd1 50. Rd6 Kf7 51. d5 Rd3 52.
Kf4 f5 53. Kxf5 Rxf3+ 54. Ke5 Ke7 55. Ra6 Rh3 56. Ra7+ Kd8 57. d6 Re3 58. Kd5
Rd3+ 59. Ke6 1-0

[Event "Offene Hessische Senioren Einzelmeisters"]
[Site "Bad Sooden- Allendorf"]
[Date "2013.04.25"]
[Round "6.42"]
[White "Berger, Eduard"]
[Black "Leutz, Hans"]
[Result "1-0"]
[WhiteElo "1637"]
[BlackElo "1832"]
[Annotator ",Microsoft"]
[PlyCount "81"]
[EventDate "2013.??.??"]
[WhiteTeam "SK Stadtallendorf"]
[BlackTeam "SV Ebersbach"]

1. e4 c6 2. d4 d5 3. Nd2 dxe4 4. Nxe4 Nd7 5. Nf3 Ngf6 6. Ng3 e6 7. Bd3 c5 8.
O-O cxd4 9. Nxd4 Bc5 10. Nb3 Bb6 11. Qe2 O-O 12. Bg5 h6 13. Bxf6 Nxf6 14. a4 a5
15. Rad1 Qe7 16. Qf3 Rb8 17. Ne4 Nxe4 18. Qxe4 g6 19. Qf4 Bd7 20. Bb5 Bxb5 21.
axb5 Kg7 22. Rd3 e5 23. Re1 Rfe8 24. Qd2 Rbd8 25. Nxa5 Rxd3 26. cxd3 Bc5 27.
Re4 Qd7 28. Rc4 Qxb5 29. Nxb7 Bxf2+ 30. Kxf2 Qxb7 31. Qc3 $11 Qb6+ 32. Rc5 Qf6+
33. Ke2 Qg5 34. Kf2 Qf4+ 35. Kg1 Qe3+ 36. Kh1 Kf6 37. Rc6+ Kf5 38. h3 h5 39.
Qc4 Re7 40. Qh4 Qg5 41. Qe4# 1-0